La emperatriz trágica (Registro nro. 51809)

Detalles MARC
000 -LEADER
campo de control de longitud fija 00683nam a2200205 i 4500
001 - NÚMERO DE CONTROL
campo de control 51809
003 - IDENTIFICADOR DE NÚMERO DE CONTROL
campo de control ES-MaACL
005 - FECHA Y HORA DE LA ÚLTIMA TRANSACCIÓN
campo de control 20230906162437.0
007 - CAMPO FIJO DE DESCRIPCIÓN FÍSICA--INFORMACIÓN GENERAL
campo de control de longitud fija t|
008 - DATOS DE LONGITUD FIJA--INFORMACIÓN GENERAL
campo de control de longitud fija 030819s1944 sp ||||1| spa d
100 1# - ENTRADA PRINCIPAL--NOMBRE DE PERSONA
Nombre de persona Danzas, Julia Nicolaievna.
9 (RLIN) 42680
245 13 - MENCIÓN DEL TÍTULO
Título La emperatriz trágica
Resto del título : (la agonía del zarismo ruso) /
Mención de responsabilidad, etc. Julia Nicolaievna Danzas ; [traducción de Pedro Fraga de Porto].
260 ## - PUBLICACIÓN, DISTRIBUCIÓN, ETC.
Lugar de publicación, distribución, etc. Madrid :
Nombre del editor, distribuidor, etc. Morata,
Fecha de publicación, distribución, etc. [1944] (
Fabricante Imp. Gráf. España)
300 ## - DESCRIPCIÓN FÍSICA
Extensión 388 p., 1 gráf. pleg., 12 lám. ;
Dimensiones 20 cm.
490 1# - MENCIÓN DE SERIE
Mención de serie Like
700 1# - ENTRADA AGREGADA--NOMBRE PERSONAL
Nombre de persona Fraga de Porto, Pedro.
9 (RLIN) 52071
830 0# - PUNTO DE ACCESO ADICIONAL DE SERIE-TÍTULO UNIFORME
Título uniforme Like
9 (RLIN) 230187
852 ## - LOCALIZACIÓN
Ubicación ES-MaACL
Número de control de estantería F-16325
Sublocalización o colección R.21078
Existencias
Estatus retirado Estado de pérdida Estado de daño No para préstamo Biblioteca de origen Biblioteca actual Ubicación en estantería Fecha de adquisición Fuente de adquisición Total de préstamos Signatura topográfica completa Código de barras Visto por última vez Precio de reemplazo Tipo de ítem Koha
        Biblioteca del Ateneo de Madrid Biblioteca del Ateneo de Madrid Sala Pecera Planta 2 17/01/2008     F-16325 1054478 23/02/2023 23/02/2023 Libro impreso